Turkish football players who played in the Seri A. - Statistics

General Stats
  • This quiz has been taken 27 times
  • The average score is 9 of 22
Answer Stats
Team(s) Answer % Correct
Milan - Inter Milan Hakan Çalhanoğlu
100%
Inter Milan Emre Belözoğlu
75%
Torino - Inter - Parma Hakan Şükür
75%
Juventus Kenan Yıldız
75%
Sassuolo - Juventus - Atalanta Merih Demiral
75%
Roma Zeki Çelik
71%
Roma Cengiz Ünder
63%
Sassuolo Mert Müldür
63%
Inter Milan Okan Buruk
63%
Sassuolo Kaan Ayhan
38%
Milan Ümit Davala
33%
Roma - Empoli Salih Uçan
29%
Genoa Berkan Kutlu
25%
Fiorentina - Venezia - Lazio Can Bartu
21%
Torino - Sampdoria Emirhan İlkkan
21%
Fiorentina Lefter Küçükandonyadis
17%
Palermo Metin Oktay
17%
Roma - Hellas Verona - Lecce Mert Çetin
13%
Palermo Bülent Eken
4%
SPAL Bülent Esen
4%
Genoa Sinan Gümüş
4%
Lazio - Palermo Şükrü Gülesin
4%
No matching quizzes found
Score Distribution
Percent of People with Each Score
Percentile by Number Answered
Your Score History
You have not taken this quiz